000 00351nam a2200145Ia 4500
008 230718s9999 xx 000 0 und d
041 _aEng.
082 _a3495490
_bPAK-S
100 _aPakistan, Supreme Court
245 0 _aSupreme Court Monthly
260 _aPakistan
_bSupreme Court Reason
_c2015
300 _a1096
650 _aLaw
999 _c30883
_d30883